Physics

Մատենագիտական մանրամասներ
Հիմնական հեղինակ: John D. Cutnell
Ձևաչափ: Անհայտ
LEADER 00167 a2200085 4500
020 |a 9781119820574 
100 |a John D. Cutnell  |9 60324 
245 |a Physics 
942 |c BK 
999 |c 47738  |d 47738